[Event "Pinneberg op Seniors 13th"]
[Site "Pinneberg"]
[Date "2012.07.06"]
[Round "3"]
[White "Mungard, Jens Uwe"]
[Black "Sachse, Theo"]
[Result "1-0"]
[WhiteElo "1506"]
[BlackElo "1261"]
[PlyCount "65"]
[EventDate "2012.06.21"]
[EventType "swiss"]
[EventRounds "7"]
[EventCountry "GER"]
[SourceTitle "EXT 2013"]
[Source "ChessBase"]
[SourceDate "2012.11.22"]
[SourceVersion "1"]
[SourceVersionDate "2012.11.22"]
[SourceQuality "1"]

1. e4 e5 2. Nf3 Nc6 3. c3 Nf6 4. Qc2 d6 5. d4 exd4 6. cxd4 Bg4 7. Nbd2 a6 8. h3
Bh5 9. d5 Ne5 10. Nxe5 dxe5 11. g4 Bg6 12. Bg2 Nxd5 13. Qb3 Nf4 14. O-O Rb8 15.
Nc4 Nxg2 16. Kxg2 Bxe4+ 17. f3 Bd5 18. Qc3 Bd6 19. Nxe5 Bxe5 20. Qxe5+ Be6 21.
Qxg7 Rf8 22. Bh6 Qc8 23. Qxf8+ Kd7 24. Qxc8+ Rxc8 25. Bg5 Re8 26. Rad1+ Kc8 27.
Rfe1 c6 28. Kg3 Rg8 29. Bf4 Bxa2 30. Re7 Rd8 31. Rc7+ Kb8 32. Rxd8+ Ka7 33.
Be3+ 1-0

[Event "ARG-ch 86th"]
[Site "La Plata"]
[Date "2012.07.05"]
[Round "2"]
[White "Benedetti, Julio"]
[Black "Slipak, Sergio"]
[Result "0-1"]
[WhiteElo "2090"]
[BlackElo "2444"]
[PlyCount "54"]
[EventDate "2012.07.04"]
[EventType "swiss"]
[EventRounds "11"]
[EventCountry "ARG"]
[SourceTitle "CBM 149 Extra"]
[Source "ChessBase"]
[SourceDate "2012.08.24"]
[SourceVersion "1"]
[SourceVersionDate "2012.08.24"]
[SourceQuality "1"]

1. e4 e5 2. Nf3 Nc6 3. c3 d6 4. d4 Be7 5. Bb5 Bd7 6. Nbd2 Nf6 7. O-O O-O 8. Re1
Nxd4 9. cxd4 Bxb5 10. Qb3 Ba6 11. dxe5 Nd7 12. exd6 Bxd6 13. Nc4 Nc5 14. Qc3
Be7 15. Nce5 Qd6 16. Bf4 Ne6 17. Bg3 Qb4 18. Qc2 f6 19. Ng4 Rad8 20. Red1 Bc5
21. b3 Qb6 22. Rxd8 Rxd8 23. Rd1 Rxd1+ 24. Qxd1 h5 25. Nxf6+ gxf6 26. Nh4 Qb5
27. h3 Qd3 0-1

[Event "Karl Mala Memorial op 15th"]
[Site "Frankfurt"]
[Date "2012.07.05"]
[Round "1"]
[White "Perlitz, Sven"]
[Black "Sanati, Charlotte"]
[Result "1-0"]
[WhiteElo "2085"]
[BlackElo "1607"]
[PlyCount "115"]
[EventDate "2012.07.05"]
[EventType "swiss"]
[EventRounds "7"]
[EventCountry "GER"]
[SourceTitle "CBM 149 Extra"]
[Source "ChessBase"]
[SourceDate "2012.08.24"]
[SourceVersion "1"]
[SourceVersionDate "2012.08.24"]
[SourceQuality "1"]

1. e4 e5 2. Nf3 Nc6 3. c3 Nf6 4. d4 exd4 5. e5 Nd5 6. Qb3 Nb6 7. cxd4 d6 8. Bb5
Bd7 9. O-O dxe5 10. dxe5 Be7 11. Rd1 Qc8 12. Nc3 O-O 13. Be3 Be6 14. Qc2 Nb4
15. Qc1 c6 16. Be2 N6d5 17. Nxd5 Nxd5 18. Bg5 Qc7 19. Bc4 Rad8 20. Bxe7 Qxe7
21. a3 h6 22. Qc2 Qc5 23. Qe4 Ne7 24. Bxe6 fxe6 25. Nd4 Rd7 26. Rac1 Qb6 27.
Qg4 Kh8 28. Rd2 Nd5 29. Nxe6 Rff7 30. Nc5 Rde7 31. Re2 Rf4 32. Qc8+ Kh7 33. Nd7
Qd4 34. Nf8+ Rxf8 35. Qxf8 Rxe5 36. Qf3 Rxe2 37. Qxe2 Nf4 38. Qc2+ Kh8 39. Rd1
Qf6 40. Re1 Qf7 41. Qe4 Nd5 42. Qe8+ Qxe8 43. Rxe8+ Kh7 44. Ra8 a6 45. Ra7 b5
46. Rxa6 Ne7 47. Kf1 Kg6 48. Ke2 Kf6 49. Kd3 Ke5 50. Ra7 Nf5 51. g4 Nh4 52.
Rxg7 Nf3 53. Rh7 Nxh2 54. g5 Ng4 55. gxh6 Nxf2+ 56. Ke2 Ng4 57. Re7+ Kf6 58. h7
1-0

[Event "SLO-ch U20"]
[Site "Kamnik"]
[Date "2012.06.26"]
[Round "6"]
[White "Lucovnik, Tilen"]
[Black "Opalic, David"]
[Result "1/2-1/2"]
[WhiteElo "1837"]
[BlackElo "1725"]
[PlyCount "46"]
[EventDate "2012.06.23"]
[EventType "swiss"]
[EventRounds "7"]
[EventCountry "SLO"]
[SourceTitle "OM OTB B 201907"]
[Source "Opening Master"]
[SourceDate "2019.07.06"]
[SourceVersion "2"]
[SourceVersionDate "2019.07.06"]
[SourceQuality "1"]

1. e4 e5 2. Nf3 Nc6 3. c3 d5 4. Qa4 f6 5. Bb5 Nge7 6. O-O dxe4 7. Qxe4 Bf5 8.
Qc4 a6 9. Bxc6+ Nxc6 10. d4 Qd6 11. Re1 O-O-O 12. Be3 e4 13. Nfd2 Be6 14. Qa4
f5 15. Na3 Qd7 16. f3 Bxa3 17. Qxa3 exf3 18. Nxf3 Bd5 19. Nd2 Bf7 20. b4 Qd6
21. Qb2 f4 22. Bf2 b5 23. Ne4 Qg6 1/2-1/2

[Event "Mlada Boleslav Region-ch U20"]
[Site "Mlada Boleslav"]
[Date "2012.06.23"]
[Round "2"]
[White "Gabriel, Patrik"]
[Black "Machac, Jakub"]
[Result "1-0"]
[WhiteElo "1269"]
[BlackElo "1250"]
[PlyCount "87"]
[EventDate "2012.06.23"]
[EventType "swiss"]
[EventRounds "7"]
[EventCountry "CZE"]
[SourceTitle "EXT 2014"]
[Source "ChessBase"]
[SourceDate "2013.11.20"]
[SourceVersion "1"]
[SourceVersionDate "2013.11.20"]
[SourceQuality "1"]

1. e4 e5 2. Nf3 Nc6 3. c3 Nf6 4. d3 a6 5. Bg5 h6 6. Bxf6 Qxf6 7. Be2 b5 8. d4
b4 9. dxe5 Nxe5 10. Nxe5 Qxe5 11. Qd4 Qxd4 12. cxd4 Bb7 13. Bd3 d5 14. exd5
Bxd5 15. O-O Bd6 16. Re1+ Be7 17. Nd2 Kd7 18. Bc4 Bxc4 19. Nxc4 Rab8 20. Ne5+
Ke8 21. Nc6 Kd7 22. Nxe7 b3 23. a3 Rhe8 24. Nf5 Rg8 25. Re7+ Kd8 26. Rae1 Rb5
27. R7e5 Rxe5 28. Rxe5 f6 29. Re6 a5 30. d5 Re8 31. Nxg7 Rxe6 32. Nxe6+ Kd7 33.
Nf4 Kd6 34. Kf1 Ke5 35. g3 h5 36. Ke2 h4 37. Ke3 hxg3 38. fxg3 c5 39. dxc6 Kd6
40. c7 Kxc7 41. Ke4 Kd7 42. h4 Ke7 43. g4 Kf7 44. g5 1-0

[Event "Oslo Sveins op 5th"]
[Site "Oslo"]
[Date "2012.06.22"]
[Round "9"]
[White "Poulsen, Iver"]
[Black "Ostby, Martin Bergsjo"]
[Result "1/2-1/2"]
[WhiteElo "2084"]
[BlackElo "1734"]
[PlyCount "44"]
[EventDate "2012.06.22"]
[EventType "swiss"]
[EventRounds "9"]
[EventCountry "NOR"]
[SourceTitle "CBM 149 Extra"]
[Source "ChessBase"]
[SourceDate "2012.08.24"]
[SourceVersion "1"]
[SourceVersionDate "2012.08.24"]
[SourceQuality "1"]

1. e4 e5 2. Nf3 Nc6 3. c3 Nf6 4. d4 exd4 5. e5 Nd5 6. Qb3 Nb6 7. cxd4 d6 8. Bb5
Bd7 9. O-O a6 10. Ng5 d5 11. Bxc6 bxc6 12. e6 Bxe6 13. Re1 Qf6 14. Qc2 Kd7 15.
Nxe6 fxe6 16. Be3 Bd6 17. Nd2 g5 18. Rac1 h5 19. Qxc6+ Ke7 20. Nf3 Rag8 21. Ne5
g4 22. b3 h4 1/2-1/2

[Event "Bayern-ch Seniors 24nd"]
[Site "Bergen"]
[Date "2012.06.22"]
[Round "7"]
[White "Schulz, Eugen"]
[Black "Jehn, Detlef"]
[Result "1-0"]
[WhiteElo "1599"]
[BlackElo "1503"]
[PlyCount "103"]
[EventDate "2012.06.16"]
[EventType "swiss"]
[EventRounds "9"]
[EventCountry "GER"]
[SourceTitle "EXT 2015"]
[Source "ChessBase"]
[SourceDate "2014.11.20"]
[SourceVersion "1"]
[SourceVersionDate "2014.11.20"]
[SourceQuality "1"]

1. e4 e5 2. Nf3 Nc6 3. c3 Nf6 4. d4 exd4 5. e5 Ng8 6. cxd4 Bb4+ 7. Nc3 Nge7 8.
a3 Bxc3+ 9. bxc3 d5 10. h3 a6 11. Bg5 h6 12. Bd2 Ng6 13. Bd3 O-O 14. Qc1 Nh4
15. Bxh6 gxh6 16. Qxh6 f5 17. Nxh4 Rf7 18. Qf4 Ne7 19. Kd2 Qf8 20. Rhe1 Be6 21.
Re3 Rg7 22. Qh6 Qf7 23. Rf3 Rh7 24. Qf4 Rf8 25. Rg3+ Rg7 26. Rg5 Ng6 27. Nxg6
Rxg6 28. g3 Rxg5 29. Qxg5+ Qg7 30. Qxg7+ Kxg7 31. f4 Rh8 32. Bf1 Rg8 33. Ke3 b5
34. a4 c6 35. axb5 axb5 36. Ra7+ Kh6 37. Kf2 Rg7 38. Rxg7 Kxg7 39. Be2 Kg6 40.
g4 Kh6 41. gxf5 Bxf5 42. Bg4 Bxg4 43. hxg4 Kg7 44. e6 c5 45. Ke3 b4 46. cxb4
cxb4 47. Kd2 b3 48. f5 Kf6 49. g5+ Kxg5 50. e7 Kxf5 51. e8=Q b2 52. Kc2 1-0

[Event "Fast Ladder"]
[Site "http://gameknot.com/chess.pl?"]
[Date "2012.06.21"]
[Round "?"]
[White "Oregonchessguy"]
[Black "Kasperl"]
[Result "0-1"]
[WhiteElo "2095"]
[BlackElo "2181"]
[PlyCount "42"]
[EventDate "2012.??.??"]
[SourceTitle "OM Portal C 201906"]
[Source "Opening Master"]
[SourceDate "2019.06.27"]
[SourceVersion "1"]
[SourceVersionDate "2019.06.27"]
[SourceQuality "1"]

1. e4 e5 2. Nf3 Nc6 3. c3 d5 4. Qa4 Bd7 5. exd5 Nd4 6. Qd1 Nxf3+ 7. Qxf3 Nf6 8.
Bc4 e4 9. Qe2 Bd6 10. d4 h6 11. h3 O-O 12. O-O c6 13. dxc6 Bxc6 14. Na3 Bc7 15.
f3 exf3 16. gxf3 Nh5 17. Qg2 Bg3 18. Bb5 Rc8 19. Bd3 Qh4 20. Nc2 Bd7 21. Be3
Bxh3 0-1

[Event "Bayern-ch Seniors 24nd"]
[Site "Bergen"]
[Date "2012.06.19"]
[Round "4"]
[White "Huetter, Heinz"]
[Black "Ewald, Frithjof"]
[Result "1/2-1/2"]
[WhiteElo "1529"]
[BlackElo "1327"]
[PlyCount "152"]
[EventDate "2012.06.16"]
[EventType "swiss"]
[EventRounds "9"]
[EventCountry "GER"]
[SourceTitle "EXT 2015"]
[Source "ChessBase"]
[SourceDate "2014.11.20"]
[SourceVersion "1"]
[SourceVersionDate "2014.11.20"]
[SourceQuality "1"]

1. e4 e5 2. Nf3 Nc6 3. c3 Nf6 4. d3 d5 5. Qc2 d4 6. a3 a5 7. Be2 Bc5 8. Bg5 Qd6
9. Nbd2 Be6 10. O-O Qe7 11. Nb3 Ba7 12. cxd4 Bxb3 13. Qxb3 b6 14. dxe5 Nxe5 15.
Qb5+ Ned7 16. Qc6 O-O 17. Rac1 Rfc8 18. Rc2 h6 19. Bxf6 Nxf6 20. h3 b5 21. Nh4
g6 22. Nf3 Nd7 23. Rfc1 Bb6 24. Qxb5 Rcb8 25. Qd5 Rd8 26. Qc6 Nf8 27. Bf1 Ne6
28. Rc4 Rab8 29. Qa4 Nf4 30. Qc2 Ne6 31. b4 axb4 32. axb4 Nf4 33. g3 Nh5 34.
Kg2 Rd7 35. Rd1 Rbd8 36. Rd2 Nf6 37. Qb2 Ne8 38. Qe5 Nd6 39. Qxe7 Rxe7 40. Rc6
Kg7 41. Rdc2 Nc8 42. Rd2 Na7 43. Rc4 Nb5 44. Be2 Na3 45. Rc1 Nb5 46. Rb2 Rdd7
47. Rb3 Re6 48. Rc4 Ree7 49. Bf1 Re6 50. Rc1 Rd8 51. Rc2 Bd4 52. Rc4 Bb6 53.
Rc2 Rd7 54. Rd2 f6 55. Be2 h5 56. Kf1 Rd8 57. Kg2 Rd7 58. g4 hxg4 59. hxg4 g5
60. Rb1 Kg6 61. Rh1 Kg7 62. Rdd1 Kg6 63. Rh5 Rh7 64. Rxh7 Kxh7 65. Rh1+ Kg6 66.
Rc1 Kf7 67. Rh1 Kg6 68. Rh5 Re7 69. e5 Bd4 70. Bd1 Bxe5 71. Bb3 Bc3 72. Bc4 c6
73. Rh8 Bxb4 74. Rg8+ Rg7 75. Rc8 Na7 76. Ra8 c5 1/2-1/2

[Event "Voronezh op 16th"]
[Site "Voronezh"]
[Date "2012.06.18"]
[Round "6"]
[White "Gasparian, Haik"]
[Black "Shurakov, Denis"]
[Result "1/2-1/2"]
[WhiteElo "1985"]
[BlackElo "2257"]
[PlyCount "94"]
[EventDate "2012.06.12"]
[EventType "swiss"]
[EventRounds "9"]
[EventCountry "RUS"]
[SourceTitle "CBM 149 Extra"]
[Source "ChessBase"]
[SourceDate "2012.08.24"]
[SourceVersion "1"]
[SourceVersionDate "2012.08.24"]
[SourceQuality "1"]

1. e4 e5 2. Nf3 Nc6 3. c3 d5 4. Qa4 dxe4 5. Nxe5 Qd5 6. Bb5 Nge7 7. f4 exf3 8.
Nxf3 a6 9. Bc4 Qf5 10. Qd1 g5 11. d4 g4 12. Ng5 Be6 13. Nxe6 fxe6 14. Rf1 Qg6
15. Qe2 Bh6 16. Bxh6 Qxh6 17. Nd2 e5 18. Bf7+ Kd8 19. d5 Nb8 20. Qxe5 Rf8 21.
O-O-O Nd7 22. Qg3 Qg5 23. Be6 Nf5 24. Qd3 Nc5 25. Qc4 b6 26. Kb1 Qg6 27. Ka1
Ne3 28. Rxf8+ Ke7 29. Bf5 Nxc4 30. Bxg6 Rxf8 31. Bxh7 Nxd2 32. Rxd2 Rh8 33. Bf5
Rxh2 34. Bxg4 Ne4 35. Rd1 Kd6 36. Bf3 Nf2 37. Rf1 Nd3 38. a4 Nc5 39. Ka2 Nxa4
40. g4 Nxc3+ 41. Kb3 Nxd5 42. g5 Rh3 43. Ka2 Rg3 44. Bxd5 Kxd5 45. Rf7 c5 46.
Rf6 b5 47. Rxa6 Rxg5 1/2-1/2

[Event "HS-129"]
[Site "BdF-Schachserver"]
[Date "2012.06.18"]
[Round "?"]
[White "Schatz, Dieter"]
[Black "Konig, Frank"]
[Result "1-0"]
[WhiteElo "1720"]
[BlackElo "1801"]
[PlyCount "81"]
[EventDate "2012.06.25"]
[SourceTitle "OM Corr 202003"]
[Source "Opening Master"]
[SourceDate "2019.05.30"]
[SourceVersion "2"]
[SourceVersionDate "2019.05.30"]
[SourceQuality "1"]

1. e4 e5 2. Nf3 Nc6 3. c3 Bc5 4. d4 exd4 5. cxd4 Bb4+ 6. Bd2 Qe7 7. Bd3 Bxd2+
8. Nbxd2 Nf6 9. O-O O-O 10. Rc1 d6 11. Re1 Bg4 12. Qb3 Rab8 13. e5 dxe5 14.
dxe5 Nd7 15. Qc2 h6 16. Be4 Be6 17. b3 Nb4 18. Qxc7 Rfc8 19. Qxc8+ Rxc8 20.
Rxc8+ Nf8 21. Rb8 Nc6 22. Ra8 Qa3 23. Nf1 Qxa2 24. Rd1 Bxb3 25. Rd2 Qa4 26.
Bxc6 Qxc6 27. Rdd8 Qc5 28. h4 Be6 29. h5 Bd5 30. Rac8 Qa3 31. Rxd5 a6 32. Rdd8
Qe7 33. Ne3 g6 34. Nd5 Qa3 35. hxg6 Kg7 36. Rxf8 Kxg6 37. Rg8+ Kf5 38. Ne3+ Ke6
39. Rcd8 Qc1+ 40. Kh2 Qc6 41. Nd4+ 1-0

[Event "SC-2012-0-00147"]
[Site "Lechenicher SchachServer"]
[Date "2012.06.18"]
[Round "?"]
[White "Laine, Jari"]
[Black "Herzog, Klaus"]
[Result "1-0"]
[WhiteElo "1790"]
[BlackElo "1920"]
[PlyCount "53"]
[EventDate "2012.04.24"]
[SourceTitle "OM Corr 202003"]
[Source "Opening Master"]
[SourceDate "2019.05.30"]
[SourceVersion "2"]
[SourceVersionDate "2019.05.30"]
[SourceQuality "1"]

1. e4 e5 2. Nf3 Nc6 3. c3 d5 4. Qa4 Bd7 5. exd5 Nd4 6. Qd1 Nxf3+ 7. Qxf3 Nf6 8.
Bc4 e4 9. Qe2 Bd6 10. d4 O-O 11. Bg5 Re8 12. Nd2 h6 13. Bh4 Bf4 14. Bxf6 Qxf6
15. Nf1 b5 16. Bb3 a5 17. g3 Bd6 18. Bc2 b4 19. Ne3 a4 20. a3 bxa3 21. bxa3 Qe7
22. O-O Bxa3 23. Ra2 Bd6 24. c4 Qf6 25. c5 Bf8 26. Qc4 Qa6 27. Rb1 1-0

[Event "GER HS-129 email"]
[Site "GER email"]
[Date "2012.06.18"]
[Round "?"]
[White "Schatz, Dieter"]
[Black "Dorr, Joerg"]
[Result "1/2-1/2"]
[WhiteElo "1720"]
[BlackElo "1729"]
[PlyCount "90"]
[EventDate "2012.06.25"]
[EventType "tourn (corr)"]
[EventRounds "6"]
[EventCountry "GER"]
[SourceTitle "OM Corr 202003"]
[Source "Opening Master"]
[SourceDate "2019.05.30"]
[SourceVersion "2"]
[SourceVersionDate "2019.05.30"]
[SourceQuality "1"]

1. e4 e5 2. Nf3 Nc6 3. c3 d5 4. Qa4 Bd7 5. exd5 Nd4 6. Qd1 Nxf3+ 7. Qxf3 Nf6 8.
Bc4 e4 9. Qe2 Bd6 10. d4 h6 11. h3 O-O 12. Be3 a6 13. Nd2 Qe7 14. g4 c5 15.
dxc5 Bxc5 16. Bb3 Rfe8 17. Bxc5 Qxc5 18. Qe3 Qxe3+ 19. fxe3 b5 20. Rf1 Re5 21.
a4 bxa4 22. Bxa4 Rxd5 23. Rxf6 gxf6 24. Nxe4 Kg7 25. Bxd7 Rxd7 26. Ke2 Rb7 27.
b4 Rb6 28. Ng3 Re8 29. Kf3 Rc6 30. Nf5+ Kg6 31. Ra3 Re5 32. Nd4 Rc4 33. Ke2 Re7
34. Kd2 Rec7 35. Rxa6 Rxc3 36. Ra5 R3c4 37. Rh5 f5 38. Nxf5 Rxb4 39. Rxh6+ Kg5
40. Rh8 Rb2+ 41. Kd3 Kf6 42. h4 Rg2 43. Rg8 Ke5 44. Nd4 Rc1 45. Nf3+ Kd5
1/2-1/2

[Event "corr freechess 2012"]
[Site "freechess.de"]
[Date "2012.06.18"]
[Round "?"]
[White "Beneke, Stefan"]
[Black "Silies, Martin"]
[Result "0-1"]
[WhiteElo "1531"]
[BlackElo "1505"]
[PlyCount "122"]
[EventDate "2012.??.??"]
[EventType "tourn (corr)"]
[SourceTitle "OM Corr 202003"]
[Source "Opening Master"]
[SourceDate "2019.05.30"]
[SourceVersion "2"]
[SourceVersionDate "2019.05.30"]
[SourceQuality "1"]

1. e4 e5 2. Nf3 Nc6 3. c3 Nf6 4. d3 Be7 5. h3 O-O 6. Be3 d5 7. Qc2 dxe4 8. dxe4
Bd6 9. Be2 Ne7 10. O-O Ng6 11. Rd1 Bd7 12. Nbd2 Qe7 13. a4 Bc6 14. Bb5 Bxb5 15.
axb5 Nh5 16. b4 Nhf4 17. Nc4 b6 18. Nxd6 cxd6 19. Ra6 Rfc8 20. Rda1 Rxc3 21.
Qd2 Rc7 22. Rxb6 Rac8 23. Rc6 Qf6 24. Rxa7 Rxc6 25. bxc6 Rxc6 26. Ra8+ Nf8 27.
b5 Rc1+ 28. Kh2 Rb1 29. Qc2 Rxb5 30. Qc4 Rb1 31. g3 N4e6 32. Nh4 g6 33. Re8 Kg7
34. Qc2 Rb7 35. Qd2 Rd7 36. Bh6+ Kg8 37. Bxf8 Nxf8 38. Qa5 Qxf2+ 39. Ng2 Qa7
40. Qd5 Re7 41. Rc8 Qd7 42. Qa8 Kg7 43. Rxf8 Qb7 44. Rg8+ Kf6 45. Qf8 Qxe4 46.
Qg7+ Ke6 47. Qxh7 Ra7 48. Re8+ Kd5 49. Qh4 Ra2 50. Qxe4+ Kxe4 51. Rb8 d5 52.
Rb1 d4 53. g4 d3 54. Kg3 f5 55. gxf5 gxf5 56. Rb4+ Kd5 57. h4 d2 58. Rb8 Ke4
59. Rb4+ Kd3 60. Rb5 f4+ 61. Kf3 d1=B# 0-1

[Event "Forni di Sopra op 3rd"]
[Site "Forni di Sopra"]
[Date "2012.06.17"]
[Round "2"]
[White "Borgo, Giulio"]
[Black "Korneev, Oleg"]
[Result "1/2-1/2"]
[WhiteElo "2395"]
[BlackElo "2586"]
[PlyCount "112"]
[EventDate "2012.06.16"]
[EventType "swiss"]
[EventRounds "9"]
[EventCountry "ITA"]
[SourceTitle "CBM 149 Extra"]
[Source "ChessBase"]
[SourceDate "2012.08.24"]
[SourceVersion "1"]
[SourceVersionDate "2012.08.24"]
[SourceQuality "1"]

1. e4 e5 2. Nf3 Nc6 3. c3 Nf6 4. d4 Nxe4 5. d5 Ne7 6. Nxe5 Ng6 7. Nxg6 hxg6 8.
Bd3 Nc5 9. Bc2 d6 10. Be3 Qh4 11. Qd4 Bf5 12. Na3 Qxd4 13. Bxd4 Bxc2 14. Nxc2
Nd3+ 15. Kf1 c5 16. dxc6 bxc6 17. c4 a5 18. Ke2 Nf4+ 19. Kf3 Ne6 20. Bc3 Kd7
21. h4 Be7 22. g3 Bf6 23. Bxf6 gxf6 24. b3 f5 25. Rad1 c5 26. a4 Rab8 27. Rd3
Rb6 28. Rb1 Rhb8 29. Kg2 Nc7 30. Na3 Rb4 31. Nb5 Nxb5 32. cxb5 c4 33. Rc3 cxb3
34. Rcxb3 Rxa4 35. b6 Rc4 36. h5 gxh5 37. Ra3 a4 38. Rb5 f4 39. Rxh5 fxg3 40.
fxg3 Rxb6 41. Ra5 Rb2+ 42. Kh3 Rf2 43. R5xa4 Rxa4 44. Rxa4 Kc6 45. g4 Kb5 46.
Rd4 Kc5 47. Rd1 d5 48. Kg3 Rf6 49. Rc1+ Kd6 50. Rd1 Re6 51. Kf4 Re4+ 52. Kf5
Kc5 53. Rc1+ Kd6 54. Rd1 Re2 55. Rf1 d4 56. Kf6 Rg2 1/2-1/2

[Event "Forni di Sopra op 3rd"]
[Site "Forni di Sopra"]
[Date "2012.06.16"]
[Round "1"]
[White "Sorbera, Giovanni"]
[Black "Narciso Dublan, Marc"]
[Result "0-1"]
[WhiteElo "2153"]
[BlackElo "2541"]
[PlyCount "40"]
[EventDate "2012.06.16"]
[EventType "swiss"]
[EventRounds "9"]
[EventCountry "ITA"]
[SourceTitle "CBM 149 Extra"]
[Source "ChessBase"]
[SourceDate "2012.08.24"]
[SourceVersion "1"]
[SourceVersionDate "2012.08.24"]
[SourceQuality "1"]

1. e4 e5 2. Nf3 Nc6 3. c3 d5 4. Bb5 f6 5. Qa4 Nge7 6. d3 Bd7 7. exd5 Nxd5 8.
Qe4 Nb6 9. d4 a6 10. dxe5 f5 11. Qe2 axb5 12. e6 Bc8 13. Ng5 Qf6 14. O-O Be7
15. Re1 O-O 16. Na3 Bxa3 17. bxa3 h6 18. Nh3 Re8 19. Nf4 Bxe6 20. Nxe6 Nd8 0-1

[Event "corr freechess 2012"]
[Site "freechess.de"]
[Date "2012.06.16"]
[Round "?"]
[White "Kraus, Tanja"]
[Black "Schaefer, Andreas"]
[Result "0-1"]
[WhiteElo "1947"]
[BlackElo "1617"]
[PlyCount "50"]
[EventDate "2012.??.??"]
[EventType "tourn (corr)"]
[SourceTitle "OM Corr 202003"]
[Source "Opening Master"]
[SourceDate "2019.05.30"]
[SourceVersion "2"]
[SourceVersionDate "2019.05.30"]
[SourceQuality "1"]

1. e4 e5 2. Nf3 Nc6 3. c3 Nf6 4. d4 exd4 5. e5 Nd5 6. cxd4 d6 7. Bc4 dxe5 8.
dxe5 Bb4+ 9. Bd2 O-O 10. Qb3 Be6 11. O-O Na5 12. Qc2 Nxc4 13. Qxc4 Bxd2 14.
Nbxd2 Ne3 15. Qf4 Nxf1 16. Kxf1 f6 17. Re1 fxe5 18. Qxe5 Bxa2 19. b3 Bxb3 20.
Nxb3 Qd3+ 21. Kg1 Qxb3 22. Ng5 h6 23. Ne6 Rf7 24. Nd4 Qb2 25. Qe3 a5 0-1

[Event "Mumbai Mayors Cup 5th"]
[Site "Mumbai"]
[Date "2012.06.12"]
[Round "8"]
[White "Karthikeyan, Murali"]
[Black "Akash, PC Iyer"]
[Result "1-0"]
[WhiteElo "2329"]
[BlackElo "2190"]
[PlyCount "105"]
[EventDate "2012.06.07"]
[EventType "swiss"]
[EventRounds "11"]
[EventCountry "IND"]
[SourceTitle "CBM 148 Extra"]
[Source "ChessBase"]
[SourceDate "2012.06.22"]
[SourceVersion "1"]
[SourceVersionDate "2012.06.22"]
[SourceQuality "1"]

1. e4 e5 2. Nf3 Nc6 3. c3 Nf6 4. d4 Qe7 5. Bd3 d6 6. O-O g6 7. dxe5 Nxe5 8.
Nxe5 Qxe5 9. h3 Bg7 10. Be3 O-O 11. Nd2 b6 12. Qc2 Bb7 13. f4 Qe7 14. Rae1 Rae8
15. Bb5 Rd8 16. Bf2 Nh5 17. f5 Be5 18. Nf3 Ng3 19. Nxe5 Qxe5 20. Bxg3 Qxg3 21.
f6 h6 22. Qd2 Qg5 23. Qxg5 hxg5 24. e5 a6 25. Ba4 Bc8 26. exd6 Rxd6 27. Re7 c5
28. Bb3 b5 29. Re5 c4 30. Bc2 Rfd8 31. Rxg5 Bb7 32. h4 Rd2 33. Bxg6 fxg6 34.
Rxg6+ Kf8 35. f7 Ke7 36. f8=Q+ Rxf8 37. Rg7+ Ke8 38. Re1+ Kd8 39. Rxb7 Rf4 40.
Rf1 Rxf1+ 41. Kxf1 Ke8 42. h5 Kf8 43. h6 Kg8 44. g4 Rxb2 45. g5 Rh2 46. Kg1 Rh5
47. Rg7+ Kh8 48. Kg2 b4 49. cxb4 c3 50. Kf3 c2 51. Rc7 Rxg5 52. Rxc2 a5 53. Rc5
1-0

[Event "San Francisco TNM Summer op"]
[Site "San Francisco"]
[Date "2012.06.12"]
[Round "4"]
[White "Otterbach, Renate"]
[Black "Flores, David"]
[Result "0-1"]
[WhiteElo "700"]
[BlackElo "1588"]
[PlyCount "28"]
[EventDate "2012.05.22"]
[EventType "swiss"]
[EventRounds "8"]
[EventCountry "USA"]
[SourceTitle "EXT 2014"]
[Source "ChessBase"]
[SourceDate "2013.11.20"]
[SourceVersion "1"]
[SourceVersionDate "2013.11.20"]
[SourceQuality "1"]

1. e4 e5 2. Nf3 Nc6 3. c3 Nf6 4. Bd3 d5 5. Bc2 Bg4 6. h3 Bh5 7. d4 dxe4 8. Ba4
exf3 9. gxf3 e4 10. Qe2 Bxf3 11. Qb5 Bd6 12. Qxb7 O-O 13. Qxc6 Bxh1 14. b4 Rb8
0-1

[Event "FICS rated standard game"]
[Site "FICS freechess.org"]
[Date "2012.06.12"]
[Round "?"]
[White "stacelin"]
[Black "MJE"]
[Result "1-0"]
[WhiteElo "2017"]
[BlackElo "2084"]
[PlyCount "101"]
[EventDate "2012.??.??"]
[SourceTitle "OM Portal C 201906"]
[Source "Opening Master"]
[SourceDate "2019.06.27"]
[SourceVersion "1"]
[SourceVersionDate "2019.06.27"]
[SourceQuality "1"]

1. e4 e5 2. Nf3 Nc6 3. c3 Nf6 4. d4 Nxe4 5. d5 Bc5 6. dxc6 Bxf2+ 7. Ke2 bxc6 8.
Qa4 d5 9. Nbd2 Bh4 10. Nxe4 dxe4 11. Qxe4 Ba6+ 12. c4 Qd5 13. Qxd5 cxd5 14.
Nxh4 Bxc4+ 15. Kf2 Bxf1 16. Rxf1 O-O 17. b3 c5 18. Bb2 f6 19. Rac1 Rfc8 20. Nf5
Rc7 21. Rfd1 d4 22. Ba3 Rac8 23. Bxc5 Rxc5 24. Ne7+ Kf7 25. Nxc8 Ra5 26. Rc7+
Kg6 27. Rd2 a6 28. Ne7+ Kg5 29. g3 f5 30. Nxf5 Kxf5 31. Rxg7 Rd5 32. Rxh7 Rd6
33. Rh5+ Ke4 34. Re2+ Kd3 35. Rhxe5 Rf6+ 36. Kg2 a5 37. Rf2 Ra6 38. Rd5 a4 39.
Rf4 axb3 40. axb3 Ra2+ 41. Kh3 Ke3 42. Rfxd4 Ra8 43. Rh4 Re8 44. b4 Kf3 45. b5
Re6 46. Rc5 Kf2 47. Rc6 Re1 48. Rb4 Kg1 49. b6 Re2 50. b7 Rxh2+ 51. Kg4 1-0

[Event "67. LSS No Engine Cup Preliminary 4"]
[Site "Lechenicher SchachServer"]
[Date "2012.06.11"]
[Round "?"]
[White "Tobey, Al"]
[Black "Helmbrecht, John"]
[Result "0-1"]
[WhiteElo "563"]
[BlackElo "1496"]
[PlyCount "74"]
[EventDate "2012.06.12"]

1. e4 e5 2. Nf3 Nc6 3. c3 Nf6 4. d3 g6 5. Be2 Bg7 6. O-O O-O 7. Bg5 d6 8. Nbd2
h6 9. Bh4 g5 10. Bg3 Nh5 11. Ne1 Nxg3 12. fxg3 f5 13. Qb3+ Kh8 14. Ndf3 fxe4
15. dxe4 b6 16. Bb5 Bb7 17. Nc2 Na5 18. Qb4 c5 19. Qa3 Bxe4 20. Nd2 Bxc2 21. b4
Nb7 22. Qb2 Bg6 23. Bc6 Qc7 24. b5 Rad8 25. a4 Bd3 26. Rf3 Rxf3 27. gxf3 d5 28.
Ra3 Bg6 29. Qc1 Na5 30. c4 Nxc6 31. bxc6 Qxc6 32. cxd5 Qxd5 33. Nc4 e4 34. Ne3
Qd4 35. f4 gxf4 36. gxf4 Bh5 37. Qc4 Qxc4 0-1

[Event "FICGS__CHESS__CLASS_F__000113"]
[Site "FICGS"]
[Date "2012.06.10"]
[Round "1"]
[White "Melquiades, Jay"]
[Black "Martinez, Silvio"]
[Result "0-1"]
[WhiteElo "873"]
[BlackElo "1055"]
[PlyCount "66"]
[EventDate "2012.??.??"]

1. e4 Nc6 2. c3 e5 3. Nf3 Nf6 4. d3 Be7 5. h3 O-O 6. Bg5 h6 7. Bh4 d5 8. g4 Qd7
9. Nbd2 dxe4 10. Nxe4 Nxe4 11. Bxe7 Nxf2 12. Kxf2 Qxe7 13. h4 Bxg4 14. Rg1 Bh5
15. a4 Qf6 16. Be2 Rad8 17. Rg3 e4 18. d4 Rfe8 19. a5 e3+ 20. Kg2 Rd5 21. Ng5
Qf2+ 22. Kh3 Bxe2 23. Qb3 Qf5+ 24. Kh2 hxg5 25. Rag1 gxh4 26. Rxg7+ Kh8 27. c4
Rxd4 28. Qc3 Qf4+ 29. Kh1 Bf3+ 30. R7g2 Bxg2+ 31. Rxg2 Qf1+ 32. Kh2 e2 33. Rg1
Qxg1+ 0-1